ISO 9001 2008 INTERNAL AUDITS MADE EASY : (Registro nro. 60044)
[ vista simple ]
| 000 -LEADER | |
|---|---|
| fixed length control field | 00595nam a2200181 a 4500 |
| 001 - CONTROL NUMBER | |
| control field | 60044 |
| 005 - DATE AND TIME OF LATEST TRANSACTION | |
| control field | 20180714061153.0 |
| 008 - FIXED-LENGTH DATA ELEMENTS--GENERAL INFORMATION | |
| fixed length control field | 140415s2009 xxu 000 0 eng d |
| 020 ## - INTERNATIONAL STANDARD BOOK NUMBER | |
| International Standard Book Number | 9780873897518 |
| 041 ## - LANGUAGE CODE | |
| Language code of text/sound track or separate title | eng |
| 082 ## - DEWEY DECIMAL CLASSIFICATION NUMBER | |
| Classification number | 658.562 |
| Item number | PHI |
| 100 1# - MAIN ENTRY--PERSONAL NAME | |
| Personal name | PHILLIPS, ANN W. |
| 245 10 - TITLE STATEMENT | |
| Title | ISO 9001 2008 INTERNAL AUDITS MADE EASY : |
| Remainder of title | TOOLS, TECHNIQUES, AND STEP-BY STEP GUIDELINES FOR SUCCESSFUL INTERNAL AUDITS |
| 250 ## - EDITION STATEMENT | |
| Edition statement | 3a ed. |
| 260 ## - PUBLICATION, DISTRIBUTION, ETC. | |
| Place of publication, distribution, etc. | ESTADOS UNIDOS DE AMERICA : |
| Name of publisher, distributor, etc. | ASQ, |
| Date of publication, distribution, etc. | 2009 |
| 300 ## - PHYSICAL DESCRIPTION | |
| Extent | 81 |
| 650 14 - SUBJECT ADDED ENTRY--TOPICAL TERM | |
| Topical term or geographic name entry element | CONTROL DE CALIDAD |
| General subdivision | NORMAS, AUDITORIA INTERNA, ISO 9001 |
| Withdrawn status | Lost status | Source of classification or shelving scheme | Damaged status | Not for loan | Collection code | Home library | Current library | Shelving location | Date acquired | Source of acquisition | Inventory number | Total Checkouts | Full call number | Barcode | Date last seen | Date last checked out | Price effective from | Koha item type |
|---|---|---|---|---|---|---|---|---|---|---|---|---|---|---|---|---|---|---|
| Dewey Decimal Classification | General | Biblioteca Karol Wojtyla | Biblioteca Karol Wojtyla | Sala general | 03/12/2013 | Compra | 151000000000000000019122 | 1 | 658.562 PHI 2009 | 90533 | 05/01/2026 | 26/08/2019 | 22/08/2014 | Libro |